El trabajador autónomo económicamente dependiente de la Unión Europea (Registro nro. 49236)
[ vista simple ]
| 000 -CABECERA | |
|---|---|
| Longitud fija campo de control | 01085naa a2200277 c 4500 |
| 001 - NÚMERO DE CONTROL | |
| Número de control | 49236 |
| 003 - IDENTIFICADOR DE NÚMERO DE CONTROL | |
| Identificador del número de control | ES-MaCES |
| 005 - FECHA Y HORA DE LA ÚLTIMA TRANSACCIÓN | |
| Fecha y hora de la última transacción | 20170419122129.0 |
| 008 - CAMPO FIJO DE DESCRIPCIÓN FIJA--INFORMACIÓN GENERAL | |
| Códigos de información de longitud fija | 170419s2017 sp ||||| t||||||| ||spa d |
| 040 ## - FUENTE DE CATALOGACIÓN | |
| Centro catalogador de origen | ES-MaCES |
| Lengua de catalogación | spa |
| Centro transcriptor | ES-MaCES |
| Centro modificado | ES-MaCES |
| 100 1# - ENCABEZAMIENTO PRINCIPAL--NOMBRE PERSONAL | |
| 9 (RLIN) | 38064 |
| Nombre de persona | Moreno Liso, Lourdes |
| 245 13 - MENCIÓN DE TÍTULO | |
| Título | El trabajador autónomo económicamente dependiente de la Unión Europea |
| Resto del título | : aspectos laborales y mercantiles |
| Mención de responsabilidad, etc. | Lourdes Moreno Liso, Nuria Ramos Martín |
| 650 #4 - ASIENTO SECUNDARIO DE MATERIA--TÉRMINO DE MATERIA | |
| 9 (RLIN) | 30170 |
| Término de materia o nombre geográfico como elemento inicial | trabajo a cuenta propia |
| 650 #4 - ASIENTO SECUNDARIO DE MATERIA--TÉRMINO DE MATERIA | |
| 9 (RLIN) | 28412 |
| Término de materia o nombre geográfico como elemento inicial | trabajador independiente |
| 650 #4 - ASIENTO SECUNDARIO DE MATERIA--TÉRMINO DE MATERIA | |
| 9 (RLIN) | 28188 |
| Término de materia o nombre geográfico como elemento inicial | empresario |
| 650 #4 - ASIENTO SECUNDARIO DE MATERIA--TÉRMINO DE MATERIA | |
| 9 (RLIN) | 30016 |
| Término de materia o nombre geográfico como elemento inicial | creación de empresa |
| 650 #4 - ASIENTO SECUNDARIO DE MATERIA--TÉRMINO DE MATERIA | |
| 9 (RLIN) | 27157 |
| Término de materia o nombre geográfico como elemento inicial | derecho mercantil |
| 650 #4 - ASIENTO SECUNDARIO DE MATERIA--TÉRMINO DE MATERIA | |
| 9 (RLIN) | 27165 |
| Término de materia o nombre geográfico como elemento inicial | derecho del trabajo |
| 650 #4 - ASIENTO SECUNDARIO DE MATERIA--TÉRMINO DE MATERIA | |
| 9 (RLIN) | 30776 |
| Término de materia o nombre geográfico como elemento inicial | política comunitaria |
| 650 #4 - ASIENTO SECUNDARIO DE MATERIA--TÉRMINO DE MATERIA | |
| 9 (RLIN) | 26752 |
| Término de materia o nombre geográfico como elemento inicial | UE |
| 653 10 - TÉRMINO DE INDEXACIÓN--NO CONTROLADO | |
| Término no controlado | Empleo |
| 700 1# - ENCABEZAMIENTO SECUNDARIO--NOMBRE PERSONAL | |
| 9 (RLIN) | 38065 |
| Nombre de persona | Ramos Martín, Nuria |
| 773 0# - ENTRADA DE DOCUMENTO FUENTE | |
| Itemnumber del ítem fuente | 85919 |
| Lugar, editor y fecha de publicación | Las Rozas, Madrid Wolters Kluwer España 2015- |
| Otro identificador del documento | 088817 |
| Título | Trabajo y derecho |
| Número de control del registro relacionado | (ES-MaCES)45892 |
| Parte(s) relacionada(s) | n. 27 (marzo 2017) {55/1129 R. 088817} ;p. 65-78 |
| 902 ## - CES. TIPO DE DOCUMENTO | |
| Tipodoc (006$c Sirtex) | ART Artículo de revista |
| 942 ## - ELEMENTOS KOHA | |
| Fuente de clasificaión o esquema | Clasificación propia del CES |
| Koha [por defecto] tipo de item | Artículos (1982-2017) |
| Parte de clasificación | Relaciones Laborales y Rel. Lab.- Empleo |
No hay ítems disponibles.
